[Event "27th Czech Open A 2016"]
[Site "Pardubice CZE"]
[Date "2016.07.27"]
[Round "6.37"]
[White "Jasny, Stanislav"]
[Black "Zumsande, Martin"]
[Result "0-1"]
[WhiteTitle "IM"]
[BlackTitle "IM"]
[WhiteElo "2367"]
[BlackElo "2487"]
[WhiteFideId "311030"]
[BlackFideId "4651324"]
[EventDate "2016.07.22"]

1. e4 e6 2. d4 d5 3. Nc3 Nf6 4. e5 Nfd7 5. f4 c5 6. Nf3 Nc6 7. Be3 a6 8. Qd2 b5
9. dxc5 Bxc5 10. Bd3 Qb6 11. Bf2 f6 12. O-O fxe5 13. fxe5 O-O 14. Rae1 h6 15.
Bxc5 Qxc5+ 16. Kh1 Bb7 17. a4 b4 18. Na2 d4 19. Be4 Ndxe5 20. Nxe5 Qxe5 21. Bxc6
Bxc6 22. Nxb4 Bxa4 23. Nd3 Qd6 24. Rxf8+ Rxf8 25. Kg1 Bb5 26. Qe2 Rc8 27. Qf2
Rf8 28. Qe2 Bc4 29. Rf1 Rxf1+ 30. Qxf1 Qf8 31. Qe1 Qf5 32. h3 Bxd3 33. cxd3 e5
34. Qe2 Kh7 35. b4 Qf4 36. Qc2 Qe3+ 37. Kf1 e4 38. dxe4 d3 39. Qd1 Qxe4 40. Qd2
Qd4 41. g3 Kg6 42. Qa2 Qf6+ 43. Ke1 Qe5+ 44. Kd1 Kh7 45. Qf2 Qe4 46. Kd2 Qxb4+
47. Kxd3 Qb3+ 48. Ke4 Qe6+ 49. Kd3 Qxh3 50. Qf4 Qd7+ 51. Kc3 Qe6 52. Kb4 Qd5 53.
Ka3 h5 54. Ka4 Qb5+ 55. Ka3 Qc5+ 56. Kb2 a5 57. Ka2 Qc2+ 58. Ka1 a4 59. Qe5 Qd1+
60. Ka2 Qb3+ 61. Ka1 Qf3 62. Ka2 Qf7+ 63. Kb1 a3 64. Kc2 a2 65. g4 hxg4 66. Qh2+
Kg6 67. Kb2 Qd5 68. Ka1 Qe6 69. Qg3 Kf7 70. Qc7+ Kg8 71. Qd8+ Kh7 72. Qh4+ Kg6
73. Qg3 Qf6+ 74. Kxa2 Qf7+ 75. Ka1 Qf3 76. Qb8 g3 77. Qb1+ Kh6 78. Qc1+ g5 79.
Qc8 g2 80. Qh8+ Kg6 81. Qe8+ Kf5 82. Qd7+ Kf4 83. Qd6+ Kg4 84. Qd4+ Kh3 85. Qh8+
Kg3 86. Qe5+ Qf4 87. Qe1+ Kh2 0-1

[Event "27th Czech Open A 2016"]
[Site "Pardubice CZE"]
[Date "2016.07.27"]
[Round "6.38"]
[White "Haba, Petr"]
[Black "Kulkarni, Bhakti"]
[Result "1-0"]
[WhiteTitle "GM"]
[BlackTitle "CM"]
[WhiteElo "2484"]
[BlackElo "2363"]
[WhiteFideId "300160"]
[BlackFideId "5019516"]
[EventDate "2016.07.22"]

1. e4 e5 2. Nf3 Nc6 3. Bb5 a6 4. Ba4 Nf6 5. O-O Nxe4 6. d4 b5 7. Bb3 d5 8. dxe5
Be6 9. Nbd2 Nc5 10. c3 Bg4 11. Bc2 Qd7 12. Re1 Rd8 13. Nf1 Ne6 14. Ng3 g6 15. h3
Bxf3 16. gxf3 h5 17. f4 h4 18. Nf1 d4 19. Qf3 d3 20. Bxd3 Nxe5 21. fxe5 Qxd3 22.
Ne3 Ng5 23. Qg4 Be7 24. Rd1 Qe4 25. Rxd8+ Bxd8 26. Qxe4 Nxe4 27. Ng4 Bg5 28. f4
Be7 29. Be3 Kd7 30. Kg2 Ke6 31. a4 b4 32. Kf3 Ng3 33. cxb4 Bxb4 34. Rc1 c5 35.
Bxc5 Bxc5 36. Rxc5 Rb8 37. Ne3 Rxb2 38. Rc6+ Ke7 39. Kg4 Rb3 40. Nd5+ Kd8 41.
Kxh4 Ne4 42. Rxa6 Nf2 43. Kg5 Ne4+ 44. Kh6 Nc5 45. Rd6+ Ke8 46. Kg7 Nxa4 47. e6 1-0

[Event "27th Czech Open A 2016"]
[Site "Pardubice CZE"]
[Date "2016.07.27"]
[Round "6.39"]
[White "Obsivac, Josef"]
[Black "Simacek, Pavel"]
[Result "1/2-1/2"]
[WhiteTitle "FM"]
[BlackTitle "IM"]
[WhiteElo "2365"]
[BlackElo "2470"]
[WhiteFideId "303690"]
[BlackFideId "307165"]
[EventDate "2016.07.22"]

1. d4 d5 2. Nf3 c6 3. c4 e6 4. g3 g6 5. Bg2 Bg7 6. Nc3 f5 7. O-O Nf6 8. Rb1 O-O
9. c5 Ne4 10. Qc2 Nd7 11. Bf4 h6 12. Ne5 Nxe5 13. Bxe5 Bxe5 14. dxe5 Nxc5 15.
Nxd5 Nd7 16. Nf4 Nxe5 17. Rfd1 Qf6 18. b4 a6 19. a4 Kh7 20. b5 axb5 21. axb5 Bd7
22. Rd6 Rf7 23. Qb3 Re8 24. b6 g5 25. Nd3 Nxd3 26. Qxd3 Ree7 27. h3 Kg7 28. Rd1
Be8 29. Qb3 1/2-1/2

[Event "27th Czech Open A 2016"]
[Site "Pardubice CZE"]
[Date "2016.07.27"]
[Round "6.40"]
[White "Neelotpal, Das"]
[Black "Sabuk, Piotr"]
[Result "1/2-1/2"]
[WhiteTitle "GM"]
[BlackTitle "IM"]
[WhiteElo "2467"]
[BlackElo "2363"]
[WhiteFideId "5003512"]
[BlackFideId "1137565"]
[EventDate "2016.07.22"]

1. e4 e6 2. d4 d5 3. exd5 exd5 4. Nf3 Nc6 5. Bd3 Bd6 6. c3 Nge7 7. Qc2 Bg4 8.
Nbd2 Qd7 9. O-O Bf5 10. Bxf5 Qxf5 11. Qb3 O-O-O 12. Re1 g5 13. Nf1 g4 14. Nh4
Qh5 15. g3 Ng6 16. Ng2 Kb8 17. a4 Nce7 18. a5 a6 19. Qc2 f5 20. b3 Nc6 21. Nfe3
Nce7 22. Nf1 Nc6 23. Nfe3 Nce7 1/2-1/2

[Event "27th Czech Open A 2016"]
[Site "Pardubice CZE"]
[Date "2016.07.27"]
[Round "6.41"]
[White "Satyapragyan, Swayangsu"]
[Black "Wenninger, Philipp"]
[Result "1/2-1/2"]
[WhiteTitle "IM"]
[WhiteElo "2467"]
[BlackElo "2356"]
[WhiteFideId "5004306"]
[BlackFideId "4648404"]
[EventDate "2016.07.22"]

1. e4 c6 2. d4 d5 3. e5 Bf5 4. h4 h5 5. Bd3 Bxd3 6. Qxd3 Qa5+ 7. Nd2 e6 8. Ne2
Ne7 9. c3 Qa6 10. Qf3 c5 11. Nb3 cxd4 12. Nbxd4 Nbc6 13. Qg3 Nxd4 14. Nxd4 Nc6
15. Be3 Rc8 16. a4 Nxd4 17. Bxd4 g6 18. Qe3 b6 19. Qe2 Qxe2+ 20. Kxe2 Bc5 21.
Rhc1 Kd7 22. b4 Bxd4 23. cxd4 a6 24. Kd3 Rhg8 25. g3 Rgf8 1/2-1/2

[Event "27th Czech Open A 2016"]
[Site "Pardubice CZE"]
[Date "2016.07.27"]
[Round "6.42"]
[White "Lugovskoy, Maxim"]
[Black "Sanders, Isaac B"]
[Result "1/2-1/2"]
[WhiteTitle "IM"]
[BlackTitle "FM"]
[WhiteElo "2458"]
[BlackElo "2352"]
[WhiteFideId "24126454"]
[BlackFideId "417661"]
[EventDate "2016.07.22"]

1. e4 c6 2. d4 d5 3. f3 g6 4. Nc3 Bg7 5. Be3 Qb6 6. Qd2 Qxb2 7. Rb1 Qa3 8. Bd3
dxe4 9. fxe4 Nf6 10. Nf3 Ng4 11. Bf4 e5 12. dxe5 Qa5 13. O-O Nxe5 14. Nxe5 Bxe5
15. Bc4 Rf8 16. Bxe5 Qxe5 17. Qf2 Nd7 18. Bxf7+ Kd8 19. Ne2 Kc7 20. Nd4 Rxf7 21.
Qxf7 Qxd4+ 22. Kh1 b5 23. Qxh7 Kb6 24. Qxg6 Ne5 25. Qf6 Bh3 26. Qg7 Bg4 27. a4
Rd8 28. axb5 cxb5 29. c4 a6 30. cxb5 axb5 31. h3 Bxh3 32. gxh3 Qxe4+ 33. Qg2
Qxg2+ 34. Kxg2 Nc4 35. Rf6+ Ka5 36. h4 Rh8 37. Kg3 Nd2 38. Ra1+ Kb4 39. Rf5 Ne4+
40. Kg4 Rg8+ 41. Kf4 Nc3 42. h5 Kc4 43. Ra7 b4 44. Rc7+ Kd4 45. Rd7+ Kc4 46.
Rc7+ Kd4 47. Rb7 b3 48. Rxb3 Ne2+ 49. Kf3 Rg3+ 50. Kxe2 Rxb3 1/2-1/2

[Event "27th Czech Open A 2016"]
[Site "Pardubice CZE"]
[Date "2016.07.27"]
[Round "6.43"]
[White "Pecnik, Leo"]
[Black "Abergel, Thal"]
[Result "0-1"]
[WhiteTitle "FM"]
[BlackTitle "GM"]
[WhiteElo "2334"]
[BlackElo "2457"]
[WhiteFideId "14504480"]
[BlackFideId "614890"]
[EventDate "2016.07.22"]

1. d4 Nf6 2. Bg5 Ne4 3. Bf4 c5 4. d5 d6 5. f3 Nf6 6. e4 g6 7. Nc3 Nbd7 8. Nh3
Bg7 9. Qd2 h6 10. Nf2 a6 11. a4 b6 12. Be2 Qc7 13. O-O Ne5 14. Be3 g5 15. g3 Ng6
16. f4 g4 17. Rae1 h5 18. e5 dxe5 19. fxe5 Nxe5 20. Bf4 Nfd7 21. Nfe4 Bb7 22. d6
Qc6 23. Bb5 axb5 24. axb5 Qc8 25. dxe7 Nc4 26. Nd5 f5 27. Nd6+ Nxd6 28. Bxd6
Bxd5 29. Qxd5 Bd4+ 30. Kh1 Nf6 31. Qg2 Ra2 32. c3 Bxc3 33. Ra1 Rxa1 34. Rxa1 Ba5
35. Rxa5 bxa5 36. b6 Kf7 37. b7 Qe6 0-1

[Event "27th Czech Open A 2016"]
[Site "Pardubice CZE"]
[Date "2016.07.27"]
[Round "6.44"]
[White "Sundararajan, Kidambi"]
[Black "Grekh, Andrey"]
[Result "1-0"]
[WhiteTitle "GM"]
[BlackTitle "IM"]
[WhiteElo "2456"]
[BlackElo "2347"]
[WhiteFideId "5005370"]
[BlackFideId "14112418"]
[EventDate "2016.07.22"]

1. d4 Nf6 2. c4 Nc6 3. Nf3 e6 4. a3 d6 5. Nc3 g6 6. g3 Bg7 7. Bg2 O-O 8. O-O Re8
9. Bf4 Bd7 10. d5 exd5 11. cxd5 Ne5 12. Qb3 Rb8 13. Nxe5 dxe5 14. Be3 b6 15.
Rac1 Ng4 16. Bd2 a6 17. Ne4 Bb5 18. h3 Nf6 19. Bg5 h6 20. Bxf6 Bxf6 21. Nxf6+
Qxf6 22. Rxc7 Qd6 23. Rfc1 e4 24. a4 Bd7 25. e3 Re5 26. a5 Qxd5 27. Qxd5 Rxd5
28. Bxe4 Rd2 29. b4 bxa5 30. bxa5 Bxh3 31. Bb7 Rd6 32. e4 Rbd8 33. R7c6 Rd1+ 34.
Rxd1 Rxd1+ 35. Kh2 Bg4 36. Rxa6 Bf3 37. g4 Bxg4 38. Bd5 Be6 39. Bxe6 fxe6 40.
Rxe6 Kf7 41. Ra6 Rd3 42. Ra8 Kf6 43. a6 Kg5 44. a7 Rd7 45. Kg3 Kh5 46. e5 Re7
47. f4 Rd7 48. e6 Rc7 49. f5 1-0

[Event "27th Czech Open A 2016"]
[Site "Pardubice CZE"]
[Date "2016.07.27"]
[Round "6.45"]
[White "Tate, Alan"]
[Black "Vykouk, Jan"]
[Result "1-0"]
[WhiteTitle "FM"]
[BlackTitle "FM"]
[WhiteElo "2331"]
[BlackElo "2450"]
[WhiteFideId "2401878"]
[BlackFideId "349658"]
[EventDate "2016.07.22"]

1. e4 c5 2. Nf3 d6 3. Bb5+ Bd7 4. Bxd7+ Qxd7 5. c4 Nc6 6. d4 cxd4 7. Nxd4 Nf6 8.
Nc3 g6 9. f3 Bg7 10. Be3 O-O 11. O-O Rac8 12. b3 a6 13. Qd3 e6 14. Nxc6 Qxc6 15.
Rac1 Rfd8 16. Rfd1 Ne8 17. Kh1 Bf6 18. Qe2 Qc7 19. Qf2 Qe7 20. Bb6 Nc7 21. Rd3
Rd7 22. Rcd1 Ne8 23. Na4 Qf8 24. h3 Rc6 25. Qe3 h5 26. g4 Ng7 27. Kg2 e5 28. Nc3
Ne6 29. Nd5 Bg5 30. Qf2 f6 31. a4 Rh7 32. Rh1 hxg4 33. hxg4 Rxh1 34. Kxh1 f5 35.
Kg1 Nc5 36. Bxc5 Rxc5 37. gxf5 b5 38. Qg2 Qh6 39. b4 Qh4 40. Qxg5 Qe1+ 41. Kh2
Qe2+ 42. Qg2 Qxg2+ 43. Kxg2 bxc4 44. f4 cxd3 45. bxc5 dxc5 46. fxe5 d2 47. Nc3 1-0

[Event "27th Czech Open A 2016"]
[Site "Pardubice CZE"]
[Date "2016.07.27"]
[Round "6.46"]
[White "Machan, Jan"]
[Black "Venkatesh, M.R."]
[Result "0-1"]
[WhiteTitle "FM"]
[BlackTitle "GM"]
[WhiteElo "2322"]
[BlackElo "2445"]
[WhiteFideId "334774"]
[BlackFideId "5005779"]
[EventDate "2016.07.22"]

1. d4 Nf6 2. Nf3 g6 3. c4 Bg7 4. Nc3 O-O 5. e4 d6 6. Be2 Bg4 7. O-O Nfd7 8. Be3
c5 9. d5 Na6 10. Ne1 Bxe2 11. Qxe2 Nc7 12. f4 a6 13. a4 b5 14. axb5 axb5 15.
Rxa8 Qxa8 16. cxb5 Qa5 17. e5 Rb8 18. e6 fxe6 19. dxe6 Nf6 20. Nf3 Nxb5 21. Nd1
Qa2 22. Bd2 Nc7 23. Re1 Rf8 24. Ng5 Nh5 25. g3 Bf6 26. Bc3 Ng7 27. Bxf6 Rxf6 28.
Nf2 Nf5 29. Ng4 Rf8 30. Qg2 h5 31. Nf2 Qxb2 32. g4 Nd4 33. Qe4 Qc2 34. Nd3 Rf6
35. gxh5 d5 36. Qe3 Ncxe6 37. hxg6 Nxg5 38. Qxe7 Ngf3+ 39. Kf1 Nxh2+ 0-1

[Event "27th Czech Open A 2016"]
[Site "Pardubice CZE"]
[Date "2016.07.27"]
[Round "6.47"]
[White "Nagy, Gabor1"]
[Black "Nemeth, Zoltan"]
[Result "1-0"]
[WhiteTitle "IM"]
[BlackTitle "IM"]
[WhiteElo "2439"]
[BlackElo "2310"]
[WhiteFideId "737119"]
[BlackFideId "700657"]
[EventDate "2016.07.22"]

1. d4 d5 2. Nf3 a6 3. Nc3 Nf6 4. Bg5 Ne4 5. Bh4 Nxc3 6. bxc3 Bf5 7. e3 c6 8. Bd3
Qc8 9. O-O Bxd3 10. Qxd3 Nd7 11. c4 e6 12. c5 Be7 13. Bxe7 Kxe7 14. c4 Qc7 15.
Rab1 g6 16. cxd5 cxd5 17. e4 Qc6 18. Ng5 dxe4 19. Nxe4 Rhd8 20. Qe3 Nf6 21. Nxf6
Kxf6 22. Qe5+ Ke7 23. Rb6 Qd5 24. Qg7 Rd7 25. Re1 Rc8 26. Rbxe6+ Kd8 27. Qf6+ 1-0

[Event "27th Czech Open A 2016"]
[Site "Pardubice CZE"]
[Date "2016.07.27"]
[Round "6.48"]
[White "Carlsson, Pontus"]
[Black "Popov, Mikhail"]
[Result "1/2-1/2"]
[WhiteTitle "GM"]
[BlackTitle "FM"]
[WhiteElo "2435"]
[BlackElo "2280"]
[WhiteFideId "1705814"]
[BlackFideId "4146182"]
[EventDate "2016.07.22"]

1. e4 g6 2. d4 Bg7 3. Nc3 d6 4. f4 a6 5. Nf3 b5 6. Bd3 Nd7 7. e5 c5 8. Be4 Rb8
9. O-O Nh6 10. Kh1 O-O 11. Be3 b4 12. Na4 Qc7 13. dxc5 Ng4 14. Bg1 dxe5 15. fxe5
Ngxe5 16. Nxe5 Nxe5 17. Nb6 Be6 18. a3 Rbd8 19. Qe2 a5 20. axb4 axb4 21. Ra4 b3
22. cxb3 Bxb3 23. Ra3 Be6 24. b4 Nc6 25. Bxc6 Qxc6 26. b5 Qc7 27. Re3 Bd4 28.
Rxe6 Bxg1 29. Kxg1 fxe6 30. Qxe6+ Kg7 31. Qe3 Rxf1+ 32. Kxf1 e5 33. c6 Rb8 34.
Nd7 Rxb5 35. Qa3 Qd8 36. Qd6 h5 37. c7 Qg8 38. Qf6+ Kh6 39. Nxe5 Rb1+ 40. Kf2
Rb2+ 41. Kg3 Rc2 42. Nf7+ Kh7 43. Ng5+ Kh6 44. Ne6 Rc6 45. Qg5+ Kh7 46. Qe7+ Kh6
47. Qg5+ Kh7 48. Qe7+ Kh6 1/2-1/2

[Event "27th Czech Open A 2016"]
[Site "Pardubice CZE"]
[Date "2016.07.27"]
[Round "6.49"]
[White "Lerch, Philipp"]
[Black "Tomazini, Zan"]
[Result "1/2-1/2"]
[WhiteTitle "FM"]
[BlackTitle "IM"]
[WhiteElo "2315"]
[BlackElo "2432"]
[WhiteFideId "4654129"]
[BlackFideId "14608162"]
[EventDate "2016.07.22"]

1. b3 e5 2. Bb2 Nc6 3. e3 Nf6 4. Bb5 Bd6 5. Na3 Na5 6. Be2 a6 7. c4 O-O 8. Nc2
Nc6 9. d3 Be7 10. Nf3 d6 11. O-O Ne8 12. e4 Bf6 13. d4 Bg4 14. d5 Ne7 15. Nfe1
Bd7 16. Nd3 Ng6 17. c5 Bg5 18. Bg4 f5 19. Bxf5 Bxf5 20. exf5 Rxf5 21. Qg4 Rf7
22. Rad1 Bh6 23. Qb4 Nf6 24. Ne3 Rb8 25. cxd6 cxd6 26. Nf5 Nxd5 27. Nxh6+ gxh6
28. Qc4 Nb6 29. Qb4 Nd5 30. Qd2 Rd7 31. Qxh6 Qf8 32. Qxf8+ Rxf8 33. Rd2 e4 34.
Nc1 Nde7 35. Re1 d5 36. Rxe4 dxe4 37. Rxd7 Rc8 38. Rd2 Nf5 39. Re2 Rd8 40. h3
Rd1+ 41. Kh2 Nd6 42. g3 Kf7 43. Rc2 Ke6 44. Ne2 Nf7 45. Nc3 Re1 46. Re2 Rxe2 47.
Nxe2 Nfe5 48. Kg2 Nd3 49. Bd4 Nge5 50. Nc3 Nf3 51. Bg7 Nd2 52. Bh6 Ne1+ 53. Kh1
Nef3 54. g4 b5 55. b4 Ke5 56. Bg7+ Ke6 57. a3 Ne5 58. Kg2 Nd3 59. Bh6 Nc4 60.
Nxe4 Nxa3 61. Bf8 Nc2 62. Nc5+ Nxc5 63. Bxc5 Ne1+ 64. Kg3 Nd3 65. Bf8 1/2-1/2

[Event "27th Czech Open A 2016"]
[Site "Pardubice CZE"]
[Date "2016.07.27"]
[Round "6.50"]
[White "Krapivin, Vladislav"]
[Black "Grinberg, Eyal"]
[Result "0-1"]
[WhiteTitle "IM"]
[BlackTitle "FM"]
[WhiteElo "2318"]
[BlackElo "2431"]
[WhiteFideId "4126149"]
[BlackFideId "2806070"]
[EventDate "2016.07.22"]

1. e4 c5 2. Nc3 d6 3. g3 Nc6 4. Bg2 g6 5. d3 Bg7 6. f4 e6 7. Nf3 Nge7 8. O-O O-O
9. Be3 b6 10. d4 Ba6 11. Re1 cxd4 12. Nxd4 Rc8 13. a4 Na5 14. Ndb5 Nc4 15. Bc1
Qd7 16. Qd3 Bxb5 17. axb5 Rc7 18. Rd1 Rfc8 19. h4 h5 20. Kh2 Qe8 21. Ra2 Nxb2
22. Bxb2 Bxc3 23. Bxc3 Rxc3 24. Qxd6 R8c7 25. Qd8 Qxd8 26. Rxd8+ Kg7 27. Rd2 Ng8
28. e5 Nh6 29. Be4 Nf5 30. Bd3 Ne3 31. Kg1 Rd7 32. Kf2 Nxc2 33. Raxc2 Rdxd3 34.
Rxc3 Rxd2+ 35. Ke3 Rb2 36. Ra3 Rxb5 37. Rxa7 Rb3+ 38. Kf2 b5 39. Rb7 Rb2+ 40.
Kf3 Rb3+ 41. Kf2 b4 42. Rb8 Rb1 43. Kf3 b3 44. Kf2 f5 45. Kf3 Kf7 46. Kg2 Ke7
47. Rb6 Kd7 48. Rb7+ Kc6 49. Rb8 Kc5 50. Rb7 Kc4 51. Rc7+ Kd3 52. Rb7 Kc3 53.
Rc7+ Kb2 54. Rc6 Rc1 55. Rxe6 Rc2+ 56. Kf3 Rc3+ 57. Kf2 Kc2 58. Rb6 b2 59. e6
b1=Q 0-1

[Event "27th Czech Open A 2016"]
[Site "Pardubice CZE"]
[Date "2016.07.27"]
[Round "6.51"]
[White "Antonio, Viani D'cunha"]
[Black "Zwardon, Vojtech"]
[Result "1/2-1/2"]
[BlackTitle "IM"]
[WhiteElo "2305"]
[BlackElo "2421"]
[WhiteFideId "5027330"]
[BlackFideId "325511"]
[EventDate "2016.07.22"]

1. e4 c5 2. Nf3 Nc6 3. c3 Nf6 4. e5 Nd5 5. d4 cxd4 6. Bc4 Nb6 7. Bb3 d5 8. exd6
e6 9. cxd4 Bxd6 10. O-O O-O 11. Re1 Be7 12. Nc3 Nd5 13. a3 b6 14. Qd3 Nxc3 15.
bxc3 Bf6 16. h4 Bb7 17. Ng5 g6 18. Rxe6 Na5 19. Ba2 fxe6 20. Nxe6 Qe7 21. Nxf8+
Kxf8 22. Bh6+ Bg7 23. Qd2 Bxh6 24. Qxh6+ Ke8 25. Qd2 Qxh4 26. Re1+ Kd7 27. Qe3
Qf6 28. Qh3+ Kd8 29. Qxh7 Bc8 30. Bd5 Rb8 31. Qh2 Rb7 32. Bxb7 Nxb7 33. Qh7 Bd7
34. Re5 Nd6 35. a4 a5 36. Qg8+ Kc7 37. Qb3 Qf7 38. Qc2 Nc4 39. Re1 Qf5 40. Qb3
Qd3 41. Re7 Kd6 42. Re1 Bc6 43. d5 Bxd5 44. Rd1 Qe4 45. f3 Qe3+ 46. Kh1 Qh6+ 47.
Kg1 Qe3+ 48. Kh1 Qh6+ 1/2-1/2

[Event "27th Czech Open A 2016"]
[Site "Pardubice CZE"]
[Date "2016.07.27"]
[Round "6.52"]
[White "Nasuta, Grzegorz"]
[Black "Hacker, Jonas"]
[Result "1/2-1/2"]
[WhiteTitle "IM"]
[BlackTitle "FM"]
[WhiteElo "2417"]
[BlackElo "2275"]
[WhiteFideId "1141686"]
[BlackFideId "1270968"]
[EventDate "2016.07.22"]

1. e4 e5 2. Nf3 Nc6 3. Bb5 a6 4. Ba4 Nf6 5. O-O Be7 6. Re1 b5 7. Bb3 d6 8. c3
O-O 9. h3 Bb7 10. d4 Nd7 11. Nbd2 exd4 12. cxd4 Bf6 13. Nf1 Na5 14. Bc2 Re8 15.
N1h2 c5 16. Ng4 Bxd4 17. Nxd4 cxd4 18. Bf4 Nf8 19. Qxd4 Ne6 20. Qe3 h5 21. Nh2
Qf6 22. Bg3 h4 23. Ng4 Qxb2 24. Bxh4 Qxc2 25. Nf6+ gxf6 26. Qh6 Ng5 27. Bxg5
fxg5 28. Qxg5+ Kf8 29. Qh6+ Kg8 30. Qg5+ Kf8 31. Qh6+ Kg8 32. Qg5+ 1/2-1/2

[Event "27th Czech Open A 2016"]
[Site "Pardubice CZE"]
[Date "2016.07.27"]
[Round "6.53"]
[White "Yankelevich, Lev"]
[Black "Hemant, Sharma2"]
[Result "1-0"]
[WhiteElo "2415"]
[BlackElo "2299"]
[WhiteFideId "24684074"]
[BlackFideId "5025842"]
[EventDate "2016.07.22"]

1. d4 d5 2. c4 e6 3. Nc3 Nf6 4. cxd5 exd5 5. Bg5 Be7 6. e3 c6 7. Bd3 Nbd7 8. Qc2
h6 9. Bh4 Nh5 10. Bxe7 Qxe7 11. Nce2 O-O 12. Nf3 Nb6 13. O-O Bd7 14. Ne5 Rac8
15. Bh7+ Kh8 16. Bg6 Nf6 17. Bxf7 Rxf7 18. Ng6+ Kg8 19. Nxe7+ Rxe7 20. Ng3 Ne4
21. Nxe4 dxe4 22. Qc5 Rf7 23. f3 Rf5 24. Qa3 1-0

[Event "27th Czech Open A 2016"]
[Site "Pardubice CZE"]
[Date "2016.07.27"]
[Round "6.54"]
[White "Kathmale, Sameer"]
[Black "Moehn, Hans"]
[Result "1-0"]
[WhiteTitle "IM"]
[BlackTitle "FM"]
[WhiteElo "2298"]
[BlackElo "2413"]
[WhiteFideId "5024498"]
[BlackFideId "24647837"]
[EventDate "2016.07.22"]

1. e4 e6 2. d4 d5 3. Nd2 Nf6 4. e5 Nfd7 5. f4 c5 6. c3 Nc6 7. Ndf3 Be7 8. Bd3
O-O 9. Ne2 f5 10. Rg1 cxd4 11. cxd4 Nb6 12. g4 a5 13. gxf5 exf5 14. Kf2 a4 15.
Nc3 Be6 16. Be3 Nb4 17. Be2 Nc4 18. Bc1 a3 19. b3 Nb6 20. Nb5 Nc6 21. Ng5 Bd7
22. Rg3 h6 23. Nf3 Kh8 24. Qg1 Rg8 25. Rh3 Be8 26. Qg3 Nb8 27. Bd2 Bf7 28. e6
Be8 29. Rg1 Bxb5 30. Ne5 1-0

[Event "27th Czech Open A 2016"]
[Site "Pardubice CZE"]
[Date "2016.07.27"]
[Round "6.55"]
[White "Dhanush, Bharadwaj"]
[Black "Yagupov, Igor"]
[Result "0-1"]
[BlackTitle "GM"]
[WhiteElo "2296"]
[BlackElo "2405"]
[WhiteFideId "25058746"]
[BlackFideId "4113632"]
[EventDate "2016.07.22"]

1. c4 c6 2. g3 d5 3. Bg2 Nf6 4. Nf3 dxc4 5. O-O Nbd7 6. a4 Nc5 7. Na3 Nb3 8. Ra2
Qd5 9. Ne5 Qxe5 10. Nxc4 Qe6 11. Qxb3 Qxe2 12. d3 Qe6 13. Bd2 Nd5 14. Re1 Qd7
15. Ne5 Qd6 16. Bf4 Qb4 17. Qd1 Nxf4 18. gxf4 Qd6 19. Ra1 Be6 20. b4 Bd5 21. b5
c5 22. Rc1 Bxg2 23. Kxg2 Qd5+ 24. Qf3 Rd8 25. Re4 g6 26. Rce1 e6 27. R4e3 Qxf3+
28. Kxf3 Be7 29. a5 O-O 30. Rb1 Bf6 31. Nc4 Rd4 32. Nd2 Rfd8 33. Rb3 Ra4 34. Nc4
Rb4 35. Ra3 Rxb5 36. Ke2 Rb4 37. Re4 Kg7 38. h3 Bd4 39. Kf3 Bb2 40. Nxb2 Rxb2
41. Rc4 b6 42. axb6 axb6 43. Ke3 Rd5 44. Kf3 b5 45. Rc1 b4 46. Ra5 Rxd3+ 47. Kg2
Rdd2 48. Rcxc5 Rxf2+ 49. Kg3 Rfc2 50. Rxc2 Rxc2 51. Rb5 Rc3+ 52. Kg2 b3 53. h4
h5 54. Kf2 Kf6 55. Ke2 Rh3 56. Kf2 Rxh4 57. Kg3 Rg4+ 58. Kf3 g5 59. fxg5+ Rxg5
60. Rxb3 0-1

[Event "27th Czech Open A 2016"]
[Site "Pardubice CZE"]
[Date "2016.07.27"]
[Round "6.56"]
[White "Ragnarsson, Dagur"]
[Black "Roy, Prantik"]
[Result "1/2-1/2"]
[WhiteTitle "FM"]
[BlackTitle "IM"]
[WhiteElo "2274"]
[BlackElo "2403"]
[WhiteFideId "2304058"]
[BlackFideId "5035120"]
[EventDate "2016.07.22"]

1. d4 d5 2. c4 c6 3. Nf3 Nf6 4. Nc3 dxc4 5. a4 Bf5 6. e3 e6 7. Bxc4 Bb4 8. O-O
Nbd7 9. Nh4 Bg6 10. g3 Nb6 11. Qb3 Qe7 12. Nxg6 hxg6 13. Be2 Nbd5 14. Bf3 a5 15.
e4 Nc7 16. Na2 Na6 17. Bg5 Qd7 18. Rfd1 O-O 19. Nxb4 Nxb4 20. Rac1 Rfc8 21. h4
Nh7 22. Be3 Nf6 23. Kg2 Qe7 24. Bg5 Qf8 25. Rh1 c5 26. h5 cxd4 27. hxg6 Rxc1 28.
Rxc1 Rc8 29. gxf7+ Kxf7 30. Rxc8 Qxc8 31. e5 Nh7 32. Bd2 Qc5 33. Be4 Nf8 34. f4
b6 35. Bxb4 axb4 36. Qc2 Nd7 37. Qe2 Kg8 38. Qh5 Nf6 39. Qg6 Nxe4 40. Qxe4 b3
41. Kf3 Qc4 42. Qa8+ Kh7 43. Qe8 Qd3+ 44. Kg4 Qf5+ 45. Kf3 Kh6 46. Qh8+ Kg6 47.
g4 Qd3+ 48. Kf2 Qe3+ 49. Kg2 Qe4+ 50. Kg3 Kf7 51. Qh5+ Ke7 52. Qg5+ Ke8 53. Qh5+
g6 54. Qh8+ Kd7 55. Qf8 Qd5 56. Qf7+ Kc6 57. Qe8+ Kc7 58. Qb5 Qe4 59. a5 Qe1+
60. Kf3 Qe3+ 61. Kg2 Qe4+ 62. Kg3 bxa5 63. Qxa5+ Kd7 64. Qa7+ Ke8 65. Qb8+ Kf7
66. Qc7+ Ke8 67. Qc8+ Ke7 68. Qc7+ Ke8 69. Qc8+ Ke7 1/2-1/2

[Event "27th Czech Open A 2016"]
[Site "Pardubice CZE"]
[Date "2016.07.27"]
[Round "6.57"]
[White "Kantsler, Boris"]
[Black "Fuchs, Florian"]
[Result "1-0"]
[WhiteTitle "GM"]
[WhiteElo "2395"]
[BlackElo "2274"]
[WhiteFideId "2805359"]
[BlackFideId "24651737"]
[EventDate "2016.07.22"]

1. d4 Nf6 2. Bg5 Ne4 3. Bf4 e6 4. f3 Bb4+ 5. c3 Bd6 6. Bxd6 Nxd6 7. e4 f5 8. e5
Nf7 9. f4 b6 10. Be2 Nc6 11. Bf3 Bb7 12. d5 exd5 13. Bxd5 Qh4+ 14. g3 Qe7 15.
Nf3 O-O-O 16. Na3 Kb8 17. Qd2 Nd6 18. O-O-O Ne4 19. Qe3 Nf6 20. Bb3 Na5 21. Bc2
Ne4 22. Rhe1 Rhe8 23. Nd4 g6 24. g4 Nc6 25. Nab5 Nxd4 26. Nxd4 c5 27. Nb5 Rf8
28. gxf5 gxf5 29. Bxe4 Bxe4 30. Nd6 Bc6 31. Qh3 Qe6 32. c4 Kc7 33. Rg1 Rg8 34.
Rg3 a6 35. Rdg1 Rxg3 36. Rxg3 b5 37. Rg7 Rg8 38. Qxh7 Rxg7 39. Qxg7 bxc4 40. Qg3
Qd5 41. Qe1 c3 42. Qxc3 Qh1+ 43. Kc2 Qxh2+ 44. Qd2 Qxd2+ 45. Kxd2 Bd5 46. Nxf5
Bxa2 47. Nd6 Kc6 48. f5 Kd5 49. f6 Kxe5 50. f7 Bxf7 51. Nxf7+ Kd4 52. Kc2 c4 53.
Ng5 d5 54. Ne6+ Ke5 55. Nc5 d4 56. Nxa6 Ke4 57. Nc5+ Kd5 58. Nd7 Kd6 59. Nf8 Ke7
60. Ng6+ Kf6 61. Nf4 Ke5 62. Ng2 Ke4 63. Ne1 Kd5 64. Nf3 Ke4 65. Nd2+ Kd5 66.
Nf1 Ke4 67. Ng3+ Kf4 68. Ne2+ Ke5 69. Kd1 Kd5 70. Kc1 Ke4 71. Kd2 Ke5 72. Ke1
Kd5 73. Nc1 Kc5 74. Kd1 Kb4 75. Ke2 Kc5 76. Kf3 Kd5 77. Kf4 Kd6 78. Ke4 Kc5 79.
Na2 d3 80. Ke3 Kb5 81. Kd2 Ka4 82. Kc3 Kb5 83. Nc1 Kc5 84. Na2 Kb5 85. Kd2 Ka4
86. Nc3+ Kb3 87. Nd1 Kb4 88. Kc1 Kc5 89. Kb1 Kd4 90. Ka2 d2 91. Kb1 Kd3 92. Nc3
Kd4 93. Kc2 Ke3 94. Nb1 1-0